000 00696cam a2200205 4500
001 D2221
008 090401t1983 xxu||||| |||| 00| 0 eng d
035 _a(Sirsi) u68149
041 _aeng
050 _a693.832
110 _aBritish Board of Agrement
_91555
245 _aCavity insulation of masonry walls: dampness risks and how to minimise them
260 _aGarston, Herts
_bBritish Board of Agrement
_c1983
300 _a21p. illus. 30cm
350 _a1.5
520 _aadditional corporate authors National Federation of Building Trades Employers, National House-Building Council (England & Wales)
710 _aBuilding Research Establishment
942 _n0
948 _c04/03/1997
999 _c95076
_d95076